000 01169 a2200313 4500
003 OSt
005 20230704111140.0
008 230204s2013 mx a|||f |||| 001 0 spa d
020 _a9786071716538
040 _cCHAP
082 0 0 _222
_a632.9
_bP96 2013
245 0 0 _aProtección de cultivos /
_cbasado en el trabajo de Johan D. Berlijn y Johannes P. Laoh; con la colaboración de F. Kirchner Salinas y E. López González
250 _aCuarta edición.
264 1 _aMéxico:
_bTrillas,
_c2013.
300 _a128 páginas:
_bIlustraciones
490 1 _aManuales para educación agropecuaria. Producción Vegetal
504 _aIncluye índice y bibliografía.
650 4 _9110339
_aSuelos
_xDesinfección
650 4 _930262
_aCultivos
_xEnfermedades
650 2 _9128517
_aPlagas agrícolas
_xControl
650 4 _970011
_aMalas hierbas
_xControl
650 4 _941161
_aFitopatología
700 1 _911826
_aBerlijn, Johan D.
700 1 _9187502
_aLaoh, Johannes P.
700 1 _9131124
_aKirchner Salinas, F. R.
700 1 _9187522
_aLopez González, E.
830 0 _9175087
_aManuales para educación agropecuaria. Producción Vegetal
942 _cLibro
_2ddc
999 _c218252
_d218252